Arizona Cardinals Schedule 2022/2023 - Statistics

General Stats
  • This quiz has been taken 5 times
  • The average score is 14 of 18
Answer Stats
Week Cardinals Opponent % Correct
1 Cardinals vs Chiefs
100%
11 Cardinals vs 49ers
80%
18 Cardinals at 49ers
80%
15 Cardinals at Broncos
80%
16 Cardinals vs Buccaneers
80%
12 Cardinals vs Chargers
80%
17 Cardinals at Falcons
80%
4 Cardinals at Panthers
80%
14 Cardinals vs Patriots
80%
2 Cardinals at Raiders
80%
3 Cardinals vs Rams
80%
10 Cardinals at Rams
80%
7 Cardinals vs Saints
80%
6 Cardinals at Seahawks
80%
9 Cardinals vs Seahawks
80%
13 Cardinals Bye
60%
5 Cardinals vs Eagles
60%
8 Cardinals at Vikings
60%
No matching quizzes found
Score Distribution
Percent of People with Each Score
Percentile by Number Answered
Your Score History
You have not taken this quiz